00380nam a2200145Ia 4500008004100000020001500041041000800056082001700064100003400081245003500115250000600150260004400156300001100200650002300211210716s2003 xx 000 0 und d a9812431373 aeng a658.404 GIDJ aGido, Jack;Clements, James P. aSuccessful project management. a2 aNew DelhibVikas Publishing Housec2003 axx,459 aProject Management